[Event "Las Tunas Guerrero Memorial-D"]
[Site "Las Tunas"]
[Date "2020.02.18"]
[Round "5.1"]
[White "De la Fuente Ochoa, Paloma Yunaid"]
[Black "Venzant Batista, Marcia Camila"]
[Result "1/2-1/2"]
[WhiteElo "1642"]
[BlackElo "1987"]
[PlyCount "57"]
[EventDate "2020.02.16"]
[EventType "tourn"]
[EventRounds "10"]
[EventCountry "CUB"]
[SourceTitle "EXT 2023"]
[Source "ChessBase"]
[SourceDate "2022.10.05"]
[SourceVersion "1"]
[SourceVersionDate "2022.10.05"]
[SourceQuality "1"]

1. e4 e6 2. d3 d5 3. Nd2 c5 4. Ngf3 Nf6 5. g3 Nc6 6. Bg2 Bd6 7. 0-0 0-0 8. Re1 e5 9. exd5 Nxd5 10. Nc4 Re8 11. Ng5 Nf6 12. Ne4 Be7 13. c3 Bf5 14. Qe2 Qc7 15. Be3 Bxe4 16. dxe4 b5 17. Nd2 Ng4 18. Nf1 c4 19. h3 Nf6 20. Bg5 Nd7 21. Bxe7 Nxe7 22. Ne3 Nc5 23. Bf1 Qb6 24. b3 cxb3 25. axb3 Red8 26. Rad1 a6 27. Bg2 Qg6 28. f3 Ne6 29. Kf2 1/2-1/2

[Event "Las Tunas 28 de Enero-C"]
[Site "Las Tunas"]
[Date "2019.01.16"]
[Round "1.3"]
[White "Del Toro Rivera, Flavia Aurora"]
[Black "De la Fuente Ochoa, Paloma Yunaid"]
[Result "0-1"]
[WhiteElo "1503"]
[BlackElo "1691"]
[PlyCount "90"]
[EventDate "2019.01.16"]
[EventType "tourn"]
[EventRounds "10"]
[EventCountry "CUB"]
[SourceTitle "EXT 2023"]
[Source "ChessBase"]
[SourceDate "2022.10.05"]
[SourceVersion "1"]
[SourceVersionDate "2022.10.05"]
[SourceQuality "1"]

1. e4 c5 2. Nf3 Nc6 3. d4 cxd4 4. Nxd4 g6 5. Nc3 Bg7 6. Be3 Nf6 7. Bc4 0-0 8. Bb3 a6 9. a4 d6 10. 0-0 Bd7 11. h3 Qc7 12. Qd2 Rac8 13. Rad1 Nxd4 14. Bxd4 Bc6 15. Rfe1 e5 16. Be3 Nxe4 17. Nxe4 Bxe4 18. Qxd6 Qxd6 19. Rxd6 Bxc2 20. Bxc2 Rxc2 21. Rb6 Rc7 22. b4 Rd8 23. Bc5 Rcd7 24. Kh2 f5 25. f3 Kf7 26. g4 Bh6 27. gxf5 Bf4+ 28. Kg2 gxf5 29. a5 Rg8+ 30. Kh1 Rg3 31. Rf1 Rxh3+ 32. Kg1 Rg3+ 33. Kh1 Rg6 34. Rxg6 hxg6 35. Kg1 Rd2 36. Kh1 g5 37. Kg1 Kf6 38. Kh1 Rh2+ 39. Kg1 Rd2 40. Kh1 Bg3 41. Kg1 f4 42. Kh1 Re2 43. Kg1 Re1 44. Rxe1 Bxe1 45. Kg2 Kf5 0-1

[Event "CUB Province-chT Schools 54th"]
[Site "Santa Clara"]
[Date "2018.07.16"]
[Round "8.5"]
[White "De la Fuente Ochoa, Paloma Yunaid"]
[Black "Heredero Gascon, Elizabeth"]
[Result "1/2-1/2"]
[WhiteElo "1807"]
[BlackElo "1729"]
[PlyCount "50"]
[EventDate "2018.07.13"]
[EventType "team-swiss"]
[EventRounds "9"]
[EventCountry "CUB"]
[SourceTitle "CBM 195 Extra"]
[Source "ChessBase"]
[SourceDate "2020.05.31"]
[SourceVersion "1"]
[SourceVersionDate "2020.05.31"]
[SourceQuality "1"]
[WhiteTeam "Las Tunas"]
[BlackTeam "Ciego de Avila"]
[WhiteTeamCountry "CUB"]
[BlackTeamCountry "CUB"]

1. e4 e5 2. Nf3 Nf6 3. d4 Nxe4 4. Bd3 d5 5. Nxe5 Bd6 6. 0-0 0-0 7. c4 Nf6 8. Bg5 dxc4 9. Bxc4 Bxe5 10. dxe5 Qxd1 11. Rxd1 Ne4 12. Be3 h6 13. Nd2 Nxd2 14. Rxd2 Bf5 15. Rad1 Nc6 16. f4 Bg4 17. Be2 Bxe2 18. Rxe2 Rfd8 19. Red2 a6 20. Rd7 Rxd7 21. Rxd7 Rc8 22. Kf2 Kf8 23. Kf3 b6 24. g3 Nb8 25. Rd2 Ke7 1/2-1/2